Almas muertas (Registro nro. 1408)
[ vista simple ]
| 000 -CABECERA | |
|---|---|
| Longitud fija campo de control | 01666nam a2200277Ia 4500 |
| 005 - • FECHA Y HORA DE LA ÚLTIMA TRANSACCIÓN | |
| Fecha y hora de la última transacción | 20220316235555.0 |
| 008 - • CÓDIGOS DE INFORMACIÓN DE LONGITUD FIJA | |
| Códigos de información de longitud fija | 121119s2001 sp gr 000 f spa |
| 020 ## - • NÚMERO INTERNACIONAL NORMALIZADO PARA LIBROS | |
| Número Internacional Normalizado para Libros (ISBN) | 8441409471 |
| 041 1# - • CÓDIGO DE LENGUA | |
| Código de lengua del texto/banda sonora o título independiente | spa |
| 040 ## - FUENTE DE LA CATALOGACIÓN | |
| Centro catalogador de origen | CO-BoRNBP |
| Lengua de catalogación | spa |
| Normas de descripción | rda |
| Centro transcriptor | CO-BoRNBP |
| 084 ## - • Clasificación Local Alfanúmerica PNLB | |
| Número de clasificación | N GOG1 |
| 100 1# - • PUNTO DE ACCESO PRINCIPAL-NOMBRE DE PERSONA | |
| Nombre de persona | Gógol, Nikolái Vasilievich |
| Fechas asociadas al nombre | 1809-1852 |
| 245 10 - • TITULO PROPIAMENTE DICHO | |
| Título | Almas muertas |
| Mención de responsabilidad, etc. | Nicolái Vasilevich Gógol ; traducción de Rodolfo Arévalo Mackry |
| 250 ## - • MENCIÓN DE EDICIÓN | |
| Mención de edición | Primera edición |
| 264 ## - PRODUCCIÓN, PUBLICACIÓN , DISTRIBUCIÓN, FABRICACIÓN Y COPYRIGHT | |
| Lugar de producción, publicación, distribución, fabricación | Madrid |
| Nombre del productor, editor, distribuidor, fabricante | Edaf |
| Fecha de de producción, publicación, distribución, fabricación o copyright | 2001 |
| 300 ## - • DESCRIPCIÓN FÍSICA | |
| Extensión | 450 páginas |
| Dimensiones | 18 cm |
| 336 ## - TIPO DE CONTENIDO | |
| Término de tipo de contenido | texto |
| Código de tipo de contenido | txt |
| Fuente | rdacontent |
| 337 ## - TIPO DE MEDIO | |
| Nombre del tipo de medio | sin mediación |
| Código del tipo de medio | n |
| Fuente | rdamedia |
| 338 ## - TIPO DE SOPORTE | |
| Nombre del tipo de soporte | volumen |
| Código del tipo de soporte | nc |
| Fuente | rdacarrier |
| 490 0# - • MENCIÓN DE SERIE | |
| Mención de serie | Biblioteca Edaf |
| Designación de volumen o secuencia | 262 |
| 520 3# - • NOTA DE RESUMEN | |
| Resumen, etc, | El aventurero Chichikov, ávido por aumentar su riqueza, recorre varias regiones de Rusia para adquirir ilegalmente un elevado número de almas muertas, es decir, para hacer pasar a su lista de propiedades nombres de siervos muertos, cuya defunción no ha sido constatada todavía por las autoridades oficiales. La novela se nos ofrece como un profundo estudio psicológico de caracteres rusos, de todas las clases sociales, desde el más humilde siervo al más influyente funcionario. Narrador extraordinario y de una fluidez humorística cautivante, Gógol nos persuade de que para toda persona hay fijado un destino insospechado y que, hasta en la vulgaridad, pueden hallarse valores que, a manera de principios, deben convertirse en posibilidades, si no evidentes, indiscutibles a la larga |
| 650 14 - • PUNTO DE ACCESO ADICIONAL DE MATERIA - TÉRMINO DE MATERIA | |
| Término de materia o nombre geográfico como elemento inicial | Clases sociales |
| Subdivisión de forma | Novela |
| Fuente del encabezamiento o término | LEMB |
| 650 14 - • PUNTO DE ACCESO ADICIONAL DE MATERIA - TÉRMINO DE MATERIA | |
| Término de materia o nombre geográfico como elemento inicial | Literatura rusa |
| Subdivisión cronológica | Siglo XIX |
| Fuente del encabezamiento o término | LEMB |
| 700 1# - • PUNTO DE ACCESO ADICIONAL - NOMBRE DE PERSONA | |
| Nombre de persona | Arévalo Mackry, Rodolfo |
| Término indicativo de función | traductor |
| 942 ## - ENTRADA DE ELEMENTOS AGREGADOS (KOHA) | |
| Fuente de clasificaión o esquema | |
| Koha [por defecto] tipo de item | Libro Literatura |
| Perdido | Fuente de clasificación o esquema | Estado Físico | No para préstamo | Forma de adquisición | Localización permanente | Localización actual | Localización en estanterías | Fecha adquisición | Préstamos totales | Signatura completa | Código de barras | Fecha última consulta | Número de copia | Fecha del precio de reemplazo | Tipo de item de Koha | Número de registro |
|---|---|---|---|---|---|---|---|---|---|---|---|---|---|---|---|---|
| Dewey Decimal Classification | Colección General | Biblioteca Pública Cubarral | Biblioteca Pública Cubarral | Literatura | 07/28/2023 | N GOG1 | CUB01319 | 07/28/2023 | Ej.1 | 07/28/2023 | Libro Literatura | |||||
| Dewey Decimal Classification | Colección General | Biblioteca Pública Lejanias | Biblioteca Pública Lejanias | General | 02/09/2026 | N GOG1 | LEJ02272 | 02/09/2026 | Ej.1 | 02/09/2026 | Libro Literatura | |||||
| Dewey Decimal Classification | Colección General | Biblioteca Pública Puerto Lleras | Biblioteca Pública Puerto Lleras | Literatura | 02/14/2025 | N GOG1 | PLL01998 | 02/14/2025 | Ej.1 | 02/14/2025 | Libro Literatura | |||||
| Dewey Decimal Classification | Colección General | Biblioteca Pública San Carlos de Guaroa - Eduardo Carranza | Biblioteca Pública San Carlos de Guaroa - Eduardo Carranza | Literatura | 04/16/2024 | N GOG1 | SG01652 | 04/16/2024 | Ej.1 | 04/16/2024 | Libro Literatura | |||||
| Dewey Decimal Classification | Colección General | Biblioteca Pública El Castillo - Alfonso Meneses | Biblioteca Pública El Castillo - Alfonso Meneses | Literatura | 07/07/2023 | N GOG1 | EC02079 | 07/07/2023 | Ej.1 | 07/07/2023 | Libro Literatura | |||||
| Dewey Decimal Classification | Colección General | Biblioteca Pública Guamal | Biblioteca Pública Guamal | Literatura | 01/31/2023 | NGOG1 | GUA000334 | 01/31/2023 | Ej.1 | 01/31/2023 | Libro Literatura | |||||
| Dewey Decimal Classification | Colección General | Biblioteca Pública La Macarena | Biblioteca Pública La Macarena | Literatura | 08/20/2025 | N GOG1 | LM03046 | 08/20/2025 | Ej.1 | 08/20/2025 | Libro Literatura | |||||
| Dewey Decimal Classification | Sala General | Biblioteca Pública Mapiripan | Biblioteca Pública Mapiripan | Literatura | 01/11/2024 | N GOG1 | MAP00001821 | 01/11/2024 | Ej.1 | 01/11/2024 | Libro Literatura | |||||
| Dewey Decimal Classification | Biblioteca Pública Mesetas - Franco lodo Poloxi | Biblioteca Pública Mesetas - Franco lodo Poloxi | Literatura | 10/16/2024 | N GOG1 | ME000363 | 10/16/2024 | Ej.1 | 10/16/2024 | Libro Literatura | 8441409471 | |||||
| Dewey Decimal Classification | Colección General | Biblioteca Pública Uribe - Reinerio Arenas | Biblioteca Pública Uribe - Reinerio Arenas | Literatura | 10/01/2024 | N GOG1 | URI01565 | 10/01/2024 | Ej.1 | 10/01/2024 | Libro Literatura |